| 000 | 00853nam a2200301 i 4500 | ||
|---|---|---|---|
| 001 | bg | ||
| 245 | 7 | 0 |
_nT. 4, _aWielka encyklopedia geografii świata. _cAdam Choiński, Alfred Kaniecki. _pWody Ziemi / |
| 260 |
_aPoznań : _bWydaw. Kurpisz, _c1996. |
||
| 300 |
_a367, [1] s. : _bfot., rys. kolor. ; _c30 cm. |
||
| 504 | _aIndeks. | ||
| 650 | 9 | _aGeografia | |
| 650 | 9 | _aWody powierzchniowe | |
| 650 | 9 | _aWody podziemne | |
| 650 | 9 | _aWody śródlądowe | |
| 650 | 9 | _aHydrologia | |
| 655 | _aEncyklopedie | ||
| 700 | 1 | _aCHOIŃSKI, Adam. | |
| 700 | 1 | _aKANIECKI, Alfred. | |
| 020 | _a8386600373 (całość) | ||
| 020 | _a8386600624 (t.4) | ||
| 040 | _cBPK | ||
| 041 | 0 | _apl | |
| 080 | _a91:556](03) | ||
| 920 | _a83-86600-37-3 (całość) | ||
| 920 | _a83-86600-62-4 (t.4) | ||
| 942 | _cKS | ||
| 008 | s pl f |000 0 pol | ||
| 999 |
_c30993 _d30993 |
||
| 856 |
_uhttp://koha.tu.koszalin.pl/cgi-bin/koha/opac-detail.pl?biblionumber=30993 _yKatalog online BPK |
||